Ha consultado un medico brujo ultimamente (Registro nro. 38777)

Detalles MARC
000 -CABECERA
campo de control de longitud fija 00520nab a2200205 a 4500
001 - NÚMERO DE CONTROL
campo de control 38777
003 - IDENTIFICADOR DEL NÚMERO DE CONTROL
campo de control 107146
005 - FECHA Y HORA DE LA ÚLTIMA TRANSACCIÓN
campo de control 20201118101456.0
008 - DATOS DE LONGITUD FIJA--INFORMACIÓN GENERAL
campo de control de longitud fija ||||||n9999 ||| || ||
245 #0 - MENCIÓN DE TÍTULO
Título Ha consultado un medico brujo ultimamente
300 ## - DESCRIPCIÓN FÍSICA
Extensión pp.50-55
562 ## - NOTA DE IDENTIFICACIÓN DE LA COPIA Y VERSIÓN
Número de copias 0
650 ## - PUNTO DE ACCESO ADICIONAL DE MATERIA--TÉRMINO DE MATERIA
Término de materia o nombre geográfico como elemento de entrada ADMINISTRACIÓN--TEORÍAS
650 ## - PUNTO DE ACCESO ADICIONAL DE MATERIA--TÉRMINO DE MATERIA
Término de materia o nombre geográfico como elemento de entrada EMPRESARIOS
650 ## - PUNTO DE ACCESO ADICIONAL DE MATERIA--TÉRMINO DE MATERIA
Término de materia o nombre geográfico como elemento de entrada EMPRESAS
650 ## - PUNTO DE ACCESO ADICIONAL DE MATERIA--TÉRMINO DE MATERIA
Término de materia o nombre geográfico como elemento de entrada GERENCIA
650 ## - PUNTO DE ACCESO ADICIONAL DE MATERIA--TÉRMINO DE MATERIA
Término de materia o nombre geográfico como elemento de entrada INNOVACIONES ADMINISTRATIVAS
773 ## - ENLACE AL DOCUMENTO FUENTE/ENTRADA DE REGISTRO ANFITRIÓN
Número bibliográfico anfitrión 38769
Encabezamiento principal Summa Internacional - No.114 (1996)
942 ## - ELEMENTOS DE PUNTO DE ACCESO ADICIONAL (KOHA)
Tipo de ítem Koha Artículo de Revista

No hay ítems disponibles.